| 000 | 00436nam a2200169 i 4500 | ||
|---|---|---|---|
| 001 | 45263 | ||
| 003 | ES-MaACL | ||
| 005 | 20230906161205.0 | ||
| 007 | t| | ||
| 008 | 030325s1980 sp ||||1| spa d | ||
| 100 | 1 |
_aCocho, Flavio. _939399 |
|
| 245 | 1 | 0 |
_aCiencia y aprendizaje / _cFlavio Cocho. |
| 250 | _a[1ยช ed.]. | ||
| 260 |
_aMadrid : _bH. Blume, _c[1980] |
||
| 300 |
_a215 p. ; _c21 cm. |
||
| 852 |
_aES-MaACL _jL-1001 _bR.101822 |
||
| 999 |
_c45263 _d45263 |
||